Southville International School and Colleges
Your cart is empty.
  • Cart
  • Lists
    Public lists Eva Luna New books Lux_list list_1
    Your lists Log in to create your own lists
  • Log in to your account
  • Your cookies
  • Search history
Southville International School and Colleges
  • Advanced search
  • Recent comments
  • Most popular
  • Libraries

Log in to your account

Log in with GOOGLE


If you do not have an external account, but do have a local account, you can still log in:

  1. Home
  2. MARC view: Lamb and the butterfly (The) /
Normal view MARC view ISBD view

Lamb and the butterfly (The) / (Record no. 103133)

[ view plain ]
MARC details
000 -LEADER
fixed length control field 00492nam a2200169 a 4500
005 - DATE AND TIME OF LATEST TRANSACTION
control field 20140412111250.0
008 - FIXED-LENGTH DATA ELEMENTS--GENERAL INFORMATION
fixed length control field 000821s19uu xx 00 eng d
020 ## - INTERNATIONAL STANDARD BOOK NUMBER
International Standard Book Number 0-590-56643-1
050 ## - LIBRARY OF CONGRESS CALL NUMBER
Classification number TR(PS E
Item number La16
100 ## - MAIN ENTRY--PERSONAL NAME
Personal name Sundgaard, Arnold
245 ## - TITLE STATEMENT
Title Lamb and the butterfly (The) /
Statement of responsibility, etc Arnold Sundgaard ; pictures by Eric Carle.
260 ## - PUBLICATION, DISTRIBUTION, ETC. (IMPRINT)
Place of publication, distribution, etc New York :
Name of publisher, distributor, etc Scholastic Inc.
300 ## - PHYSICAL DESCRIPTION
Extent 1 v. (unp.) ; ill.
650 ## - SUBJECT ADDED ENTRY--TOPICAL TERM
Topical term or geographic name as entry element Lamb--Fiction
650 ## - SUBJECT ADDED ENTRY--TOPICAL TERM
Topical term or geographic name as entry element Butterflies--Fiction
Holdings
Withdrawn status Lost status Damaged status Use restrictions Home library Current library Shelving location Date acquired Source of acquisition Cost, normal purchase price Total Checkouts Full call number Barcode Date last seen Price effective from Koha item type
        Elizalde Library Elizalde Library Teachers Reference Section 08/21/2000   249.00   TR(PS E La16 E3907 04/12/2014 04/12/2014 Books

Lamb and the butterfly (The) /

APA

Sundgaard A., .Lamb and the butterfly (The). New York: Scholastic Inc.

Chicago

Sundgaard Arnold, .Lamb and the butterfly (The). New York: Scholastic Inc.

Harvard

Sundgaard A., .Lamb and the butterfly (The). New York: Scholastic Inc.

MLA

Sundgaard Arnold, .New York: Scholastic Inc. .

  • Place hold
  • Print
  • Cite
  • Add to your cart (remove)
  • Save record
    BIBTEX Dublin Core MARCXML MARC (non-Unicode/MARC-8) MARC (Unicode/UTF-8) MARC (Unicode/UTF-8, Standard) MODS (XML) RIS
  • More searches
    Search for this title in:
    Other Libraries (WorldCat) Other Databases (Google Scholar) Online Stores (Bookfinder.com) Open Library (openlibrary.org)

Exporting to Dublin Core...

SOUTHVILLE LIBRARY

Southville International School and Colleges Library

1281 Tropical Ave. Cor. Luxembourg St., BF Homes International, Las Pinas City

Tel. No. 8256374 / 252358 Loc. 117/146

Powered by Koha